La aventura inmortal de Max Urkhaus / (Registro nro. 8816)
[ vista simple ]
| 000 -LIDER | |
|---|---|
| fixed length control field | 00692nam a22002417a 4500 |
| 001 - NÚMERO DE CONTROL | |
| Identificador de número de control | 72622 |
| 003 - IDENTIFICACDOR DE NÚMERO DE CONTROL | |
| control field | DO-SdBNP |
| 005 - DATE AND TIME OF LATEST TRANSACTION | |
| control field | 20171212115237.0 |
| 007 - CAMPOS FIJOS DE DESCRIPCIÓN FÍSICA | |
| fixed length control field | 72622 |
| 008 - ELEMENTOS DE LONGITUD FIJA | |
| fixed length control field | 900427s1987 sp spa |
| 016 7# - NO. DE CONTROL DE LA AGENCIA BIB. NACIONAL | |
| Source | BPMSU |
| 020 ## - ISBN | |
| International Standard Book Number | 8434586304 |
| 040 ## - FUENTE DE CATALOGACIÓN | |
| Agencia que crea de manera original el registro | BPMSU |
| Idioma de catalogación | spa |
| Agencia que realiza la transcripción | BPMSU |
| 100 1# - ASIENTO PRINCIPAL -- NOMBRE PERSONAL | |
| Nombre personal | Gisbert, Joan Manuel |
| Fechas asociadas con el nombre | 1949- |
| 245 13 - MENCIÓN DE TITULO | |
| Título | La aventura inmortal de Max Urkhaus / |
| Mención de responsabilidad | Joan Manuel Gisbert |
| 260 1# - PUBLICACIÓN, DISTRIBUCIÓN, ETC. (PIE DE IMPRENTA) | |
| Lugar de publicación, distribución, etc | Barcelona : |
| Nombre del editor, distribuidor, etc. | Salvat, |
| Fecha de publicación, distribución, etc | 1987 |
| 300 ## - DESCRIPCIÓN FÍSICA | |
| Extensión | 178 p.: |
| Dimensiones | 22 cm |
| 490 1# - MENCIÓN DE SERIES | |
| Mención de serie | Biblioteca juvenil |
| Volume/sequential designation | 50 |
| 830 #0 - ASIENTO SECUNDARIO DE SERIE--TÍTULO UNIFORME | |
| Título uniforme | Biblioteca juvenil (Salvat Editores) |
| Volume number/sequential designation | 50 |
| 942 ## - ADDED ENTRY ELEMENTS (KOHA) | |
| Source of classification or shelving scheme | Dewey Decimal Classification |
| Koha item type | Libros |
| 945 ## - INFORMACIÓN DE PROCESAMIENTO LOCAL | |
| Información de procesamiento local | Inventariado extranjero 2017 / YL |
| 956 ## - LOCAL ELECTRONIC LOCATION AND ACCESS (OCLC) | |
| Nombre de host | VMATEO |
| Método de acceso | 10 |
| Materiales especificados | 20151119 |
| Enlace | BPMSU |
| Campo enlazado y núm. de secuencia | 00151 |
| Withdrawn status | Lost status | Source of classification or shelving scheme | Damaged status | Not for loan | Home library | Current library | Date acquired | Source of acquisition | Total Checkouts | Barcode | Date last seen | Price effective from | Koha item type |
|---|---|---|---|---|---|---|---|---|---|---|---|---|---|
| Dewey Decimal Classification | Biblioteca Pública Metropolitana Salomé Ureña | Biblioteca Pública Metropolitana Salomé Ureña | 11/19/2015 | FUNDI | BPMSU15110385 | 11/19/2015 | 11/19/2015 | Libros |